Normal view
MARC view
- Grisham, John.
Entry Personal Name
001 - CONTROL NUMBER
- control field: 46521
003 - CONTROL NUMBER IDENTIFIER
- control field: OSt
005 - DATE AND TIME OF LATEST TRANSACTION
- control field: 20221026132209.0
008 - FIXED-LENGTH DATA ELEMENTS
- fixed length control field: 221026|| aca||aabn | a|a d
040 ## - CATALOGING SOURCE
- Original cataloging agency: OSt
- Transcribing agency: OSt
100 ## - HEADING--PERSONAL NAME
- Personal name: Grisham, John.
670 ## - SOURCE DATA FOUND
- Source citation: Work cat.: (OSt): Grisham, John., Theodore Boone, kid lawyer /, ©2011.
